000 00739nam a2200253 a 4500
001 38078
003 BD-RjUL
005 20211209052722.0
008 150906s1967 enk b 000 0 eng
035 _a(BD-RjUL)38183
040 _aDLC
_cDLC
_dDLC
_dBD-RjUL
_beng
041 _aeng
082 0 0 _a341
_bSTI 1967
100 1 _aStarke, J. G.
_q(Joseph Gabriel),
_d1911-2006.
_9117884
245 1 3 _aAn introduction to international law /
_cby J. G. Starke.
250 _a6th ed.
260 _aLondon,
_bButterworths,
_c1967.
300 _axxvi, 552, 34 p.
_c22 cm.
504 _aIncludes bibliography and index.
650 0 _aInternational law.
_9117885
942 _2ddc
_cBK
_05
999 _c38078
_d38078